书目信息 |
| 题名: |
英语翻译技能研究
|
|
| 作者: | 关继东 著 | |
| 分册: | ||
| 出版信息: | 湘潭 湘潭大学出版社 2024.06 |
|
| 页数: | 216页 | |
| 开本: | 24cm | |
| 丛书名: | ||
| 单 册: | ||
| 中图分类: | H059 | |
| 科图分类: | ||
| 主题词: | 翻译理论--研究 | |
| 电子资源: | ||
| ISBN: | 978-7-5687-1454-9 | |
| 000 | 00869nam0 2200241 450 | |
| 001 | 01050420 | |
| 005 | 20251022093019.74 | |
| 010 | @a978-7-5687-1454-9@dCNY70.00 | |
| 100 | @a20240929d2024 em y0chiy0120 ea | |
| 101 | 0 | @achi@aeng |
| 102 | @aCN@b430000 | |
| 105 | @ay az 000yy | |
| 106 | @ar | |
| 200 | 1 | @a英语翻译技能研究@9ying yu fan yi ji neng yan jiu@f关继东著 |
| 210 | @a湘潭@c湘潭大学出版社@d2024.06 | |
| 215 | @a216页@d24cm | |
| 320 | @a有书目 (第214-216页) | |
| 330 | @a本书以中国当代英语翻译概述为基础,针对英语翻译中的理论沿革以及应用技巧问题展开论述,其中包括翻译的基本技巧、方法和理论,并且结合了具体的翻译实例,提出可行性的解决策略。此外,本书还介绍了一些实用文体的翻译技巧及理论。 | |
| 606 | 0 | @a翻译理论@x研究 |
| 690 | @aH059@v5 | |
| 701 | 0 | @a关继东@9guan ji dong@4著 |
| 801 | 0 | @aCN@c20250910 |
| 905 | @a河南城建学院图书馆@dH059@eG543@ZG543@f1 | |
| 英语翻译技能研究/关继东著.-湘潭:湘潭大学出版社,2024.06 |
| 216页;24cm |
| ISBN 978-7-5687-1454-9:CNY70.00 |
| 本书以中国当代英语翻译概述为基础,针对英语翻译中的理论沿革以及应用技巧问题展开论述,其中包括翻译的基本技巧、方法和理论,并且结合了具体的翻译实例,提出可行性的解决策略。此外,本书还介绍了一些实用文体的翻译技巧及理论。 |
| ● |
| 相关链接 |
|
|
|
正题名:英语翻译技能研究
索取号:H059/G543
 
预约/预借
| 序号 | 登录号 | 条形码 | 馆藏地/架位号 | 状态 | 备注 |
| 1 | 1635133 | 216351338 | 语言库209/209语言库 67排2列6层/ [索取号:H059/G543] | 在馆 |